00349nam a2200145Ia 45000030006000000080041000060400015000471000020000622450026000822500006001082600052001143000006001665460014001720050017001860STCL150530s9999 xx 000 0 und d aSTCLcSTCL aPadmanabhan, T. aHarison Sayvinte Naya a1 bSahithya Pravarthaka Co Operative Societyc1979 a0 aMalayalam20220125171654.0